Applied protein chemistry (Record no. 35404)

MARC details
000 -LEADER
fixed length control field 00339nam a2200133Ia 4500
082 ## - DEWEY DECIMAL CLASSIFICATION NUMBER
Classification number 547.96
Item number GRA;1
245 #0 - TITLE STATEMENT
Title Applied protein chemistry
260 ## - PUBLICATION, DISTRIBUTION, ETC. (IMPRINT)
Place of publication London
Name of publisher Applied Science
Year of publication 1980
650 ## - SUBJECT ADDED ENTRY--TOPICAL TERM
Topical Term Leather industry
650 ## - SUBJECT ADDED ENTRY--TOPICAL TERM
Topical Term Protein chemistry
700 ## - ADDED ENTRY--PERSONAL NAME
Personal name Grant, R A
942 ## - ADDED ENTRY ELEMENTS (KOHA)
Koha item type Books
Holdings
Withdrawn status Lost status Damaged status Not for loan Home library Current library Date acquired Cost, normal purchase price Full call number Accession Number Koha item type
        RRII Library RRII Library 16/12/2021 24.80 547.96 GRA;1 15829 Books